Obálka Náhled e-knihy:
PDF Epub
Pro půjčování e-knih musíte být přihlášeni.
Jak si půjčit online?

Westwell. Chladný žár lásky /

Chladný žár lásky je strhujícím finále trilogie Westwell - naposledy Helena a Jess, naposledy hledání pravdy...

Uloženo v:
Série:Westwell, část 3
Hlavní autor: Kiefer, Lena, 1984- (Autor)
Další autoři: Řežábek, Rudolf, 1944- (Autor)
Médium: E-kniha
Jazyk:Czech
Vydáno: Praha : Dobrovský s.r.o., 2025
Edice:Red
Témata:
Příbuzné jednotky:Z cyklu:: Westwell
Tagy:
Žádné tagy
LEADER 02966nam a2200493 i 4500
001 312714
003 CZ PrSKC
005 20260601215727.0
007 ta
008 250505s2025 xr g 000 f cze
015 |a cnb003478263 
020 |a 9788027721832  |q (brožováno) :  |c Kč 449,00 
035 |a (OCoLC)1531363711 
040 |a ABG001  |b cze  |e rda 
041 1 |a cze  |h ger 
072 7 |a 821.112.2-3  |x Německá próza, německy psaná  |2 Konspekt 
080 |a 821.112.2-31  |2 MRF 
080 |a (0:82-312.5)  |2 MRF 
100 1 |a Kiefer, Lena,  |d 1984-  |7 xx0308245  |4 aut 
240 1 0 |a Hot & cold.  |l Česky 
245 1 0 |a Westwell.  |p Chladný žár lásky /  |c Lena Kiefer ; přeložil Rudolf Řežábek 
246 3 0 |a Chladný žár lásky 
264 1 |a Praha :  |b Dobrovský s.r.o.,  |c 2025 
300 |a 382 stran ;  |c 20 cm 
336 |a text  |b txt  |2 rdacontent 
337 |a bez média  |b n  |2 rdamedia 
338 |a svazek  |b nc  |2 rdacarrier 
490 1 |a Red 
500 |a Přeloženo z němčiny 
520 2 |a Chladný žár lásky je strhujícím finále trilogie Westwell - naposledy Helena a Jess, naposledy hledání pravdy...  |b Být konečně s Jessem a prožívat život, který neurčují ostatní, ale jen ona sama - to je vše, co Helena chce. Ale právě ve chvíli, kdy se otočí zády k rodičům a její sen se přiblíží na dosah, se stane něco nepředstavitelného. Neznámí zabijáci Jesse ohrozí na životě. Helena je strachy celá bez sebe, protože Jessova matka je přesvědčena o tom, že se i jejímu druhému synovi stal osudným vztah k dceři Westonových - stejně jako kdysi jeho bratrovi -, a přísahá strašlivou pomstu. Helena se tak neubrání otázce, jestli má jejich láska vůbec šanci, nebo byla hned od počátku odsouzena ke záhubě. Její cit k Jessovi je však příliš silný a naděje na společnou budoucnost příliš velká, než aby to teď mohla vzdát. A tak se znovu vydává hledat odpovědi a přitom netuší, že pro ni i Jesse bude pravda mnohem nebezpečnější, než si kdy vůbec dokázala představit. Nakladatelská anotace. Kráceno. 
546 |a Český text 
653 0 |a literatura new adult 
655 7 |a německé romány  |7 fd132945  |2 czenas 
655 7 |a milostné romány  |7 fd132840  |2 czenas 
655 9 |a German fiction  |2 eczenas 
655 9 |a love novels  |2 eczenas 
700 1 |a Řežábek, Rudolf,  |d 1944-  |7 ola2003198081  |4 trl 
787 0 8 |i Z cyklu:  |t Westwell  |g 3 
830 0 |a Red 
900 |a ABA001  |b 20 
044 |a xr 
910 |a RBIT002 
998 |d 420283  |a https://core.palmknihy.cz/api/books/420283/cover?svu8k9  |b https://core.palmknihy.cz/api/books/420283/cover/400?svu8k9  |c https://core.palmknihy.cz/api/books/420283/cover/50?svu8k9  |e 2028-11-09  |g 384  |i 9788027721832  |j https://core.palmknihy.cz/api/books/420283/preview.epub  |k https://core.palmknihy.cz/api/books/420283/preview.pdf  |l   |q 49  |r 1  |s https://www.palmknihy.cz/kniha/420283  |t ebook  |y 2025  |z 0  |v Westwell  |w 3 
999 |d 312712